Experiments in electricity: direct current (Record no. 62941)

MARC details
000 -LEADER
fixed length control field 00714nam a2200169 a 4500
008 - FIXED-LENGTH DATA ELEMENTS--GENERAL INFORMATION
fixed length control field 120416s1966 ||||||||||||||||| || u
050 ## - LIBRARY OF CONGRESS CALL NUMBER
Classification number QC 533 Tin
100 ## - MAIN ENTRY--PERSONAL NAME
Personal name Tinnell, Richard W
245 10 - TITLE STATEMENT
Title Experiments in electricity: direct current
260 ## - PUBLICATION, DISTRIBUTION, ETC.
Place of publication, distribution, etc. New York
Name of publisher, distributor, etc. McGraw-Hill
Date of publication, distribution, etc. 1966
300 ## - PHYSICAL DESCRIPTION
Extent viii, 131p.
350 ## -
-- 0.00
650 ## - SUBJECT ADDED ENTRY--TOPICAL TERM
Topical term or geographic name entry element ELECTRICITY
650 ## - SUBJECT ADDED ENTRY--TOPICAL TERM
Topical term or geographic name entry element ELECTRICITY--EXPERIMENTS
995 ## -
-- ANNEX COLLECTION (Main Library)
-- 0.00
-- 714342
-- CBU-MAIN LIBRARY (Kitwe)
-- 2
-- 1.50
-- QC 533 Tin
-- 2
-- WEEDED
-- Jul 26, 2017
-- 012043
-- Annex Low-Usage Collection
995 ## -
-- BINDERY (DAMAGED)
-- 0.00
-- 714343
-- CBU-MAIN LIBRARY (Kitwe)
-- 1
-- 1.50
-- QC 533 Tin
-- 1
-- DAMAGED
-- 012044
-- Main Library Open Access Collection
999 ## -
-- 62941
-- 62941
Holdings
Withdrawn status Lost status Source of classification or shelving scheme Damaged status Not for loan Permanent Location Current Location Shelving location Date acquired Total Checkouts Full call number Barcode Date last seen Price effective from Koha item type
          CBU-MAIN LIBRARY, KITWE. CBU-MAIN LIBRARY, KITWE.   12/16/2022   QC 533 Tin 012043 12/16/2022 12/16/2022 MONOGRAPH
          CBU-MAIN LIBRARY, KITWE. CBU-MAIN LIBRARY, KITWE.   12/16/2022   QC 533 Tin 012044 12/16/2022 12/16/2022 MONOGRAPH